[Event "62nd ch-IND 2025"]
[Site "Guntur IND"]
[Date "2025.09.25"]
[Round "5.18"]
[White "Vignesh, N R"]
[Black "Swain, Ashirwad"]
[Result "1/2-1/2"]
[WhiteTitle "GM"]
[WhiteElo "2516"]
[BlackElo "2087"]
[WhiteFideId "25012215"]
[BlackFideId "25092022"]
[EventDate "2025.09.21"]

1. d4 Nf6 2. Nf3 d5 3. c4 e6 4. g3 dxc4 5. Bg2 Nbd7 6. O-O c6 7. a4 b6 8. Re1
Nd5 9. Bg5 Be7 10. Bxe7 Qxe7 11. Qc1 Ba6 12. Nbd2 c5 13. Nxc4 Rc8 14. e4 Nb4 15.
e5 O-O 16. Nd6 Nd3 17. Nxc8 Rxc8 18. Qe3 Nxe1 19. Rxe1 Bb7 20. Rc1 Qe8 21. dxc5
Rxc5 22. Rxc5 Nxc5 23. a5 Qb5 24. axb6 axb6 25. Qg5 Qd3 26. Bf1 Qd5 27. Be2 h6
28. Qd2 Nd7 29. Qxd5 Bxd5 30. Bb5 Bxf3 31. Bxd7 1/2-1/2

[Event "62nd ch-IND 2025"]
[Site "Guntur IND"]
[Date "2025.09.25"]
[Round "5.19"]
[White "Ayaan Garg"]
[Black "Dhulipalla, Bala Chandra Prasad"]
[Result "1/2-1/2"]
[BlackTitle "IM"]
[WhiteElo "2091"]
[BlackElo "2446"]
[WhiteFideId "25182242"]
[BlackFideId "25005812"]
[EventDate "2025.09.21"]

1. d4 Nf6 2. c4 e6 3. Nc3 Bb4 4. f3 O-O 5. a3 Bxc3+ 6. bxc3 c5 7. e4 Ne8 8. Bd3
Nc6 9. Ne2 Qh4+ 10. g3 Qd8 11. O-O b6 12. Be3 Ba6 13. e5 Na5 14. Qc2 h6 15. f4
cxd4 16. Nxd4 Nxc4 17. Bc1 f6 18. Qe2 Rc8 19. f5 fxe5 20. fxe6 Rxf1+ 21. Qxf1
Ned6 22. Qh3 Qe7 23. exd7 Rd8 24. Nc6 Qxd7 25. Qxd7 Rxd7 26. Nb8 Bc8 27. Nxd7
Bxd7 28. Ra2 Kf7 29. Rf2+ Ke7 30. g4 e4 31. Re2 Bxg4 32. Bxc4 Nxc4 33. Rxe4+ Be6
34. a4 Kd7 35. h4 h5 36. Bf4 g6 37. Kh2 Bd5 38. Re2 Bc6 39. Bg5 a5 40. Re7+ Kd6
41. Rg7 Bxa4 42. Rxg6+ Kc7 43. Bf4+ Kb7 44. Rg5 Bd1 45. Rd5 Be2 46. Rd4 b5 47.
Kg1 a4 48. Kf2 Bg4 49. Rxc4 bxc4 50. Bc1 Kc6 51. Ke3 Kd5 52. Kf4 1/2-1/2

[Event "62nd ch-IND 2025"]
[Site "Guntur IND"]
[Date "2025.09.25"]
[Round "5.20"]
[White "Badole Shaunak"]
[Black "Soham, Kamotra"]
[Result "0-1"]
[BlackTitle "IM"]
[WhiteElo "2086"]
[BlackElo "2414"]
[WhiteFideId "25952900"]
[BlackFideId "46647490"]
[EventDate "2025.09.21"]

1. b3 e5 2. Bb2 Nc6 3. c4 Nge7 4. e3 d5 5. cxd5 Nxd5 6. a3 Be6 7. d3 Qd7 8. Nf3
f6 9. Nbd2 O-O-O 10. b4 g5 11. Nb3 Qf7 12. Nfd2 Kb8 13. Rc1 Qe8 14. Be2 h5 15.
Qc2 Bd6 16. Ne4 g4 17. b5 Nce7 18. d4 Bf5 19. Nbd2 Qg6 20. Bd3 h4 21. Ke2 Rhe8
22. g3 Qh6 23. Nc4 Nc8 24. Rhd1 Qh7 25. Nxf6 Bxd3+ 26. Rxd3 Nxf6 27. dxe5 Ne4
28. Rd4 hxg3 29. Qxe4 Qxh2 30. Na5 Qxf2+ 31. Kd3 Qf3 32. exd6 Nxd6 33. Qxg4
Qxe3+ 34. Kc2 Nxb5 35. Rxd8+ Rxd8 36. Rd1 Qc5+ 37. Nc4 Re8 38. Kb3 a5 39. a4
Qb4+ 40. Kc2 Qxa4+ 41. Kc1 g2 42. Rg1 Nd6 43. Ne5 Qxg4 44. Nxg4 Re2 45. Ne5 Rf2
46. Bd4 Rf4 47. Bc5 Rf5 48. Nd3 Ne4 49. Be3 Rf3 50. Rxg2 Rxe3 51. Ne5 Nc5 52.
Ng4 Re6 53. Rc2 b6 54. Nf2 Nb3+ 55. Kd1 Rd6+ 56. Ke1 Nc5 57. Nd1 Rd4 58. Nb2
Nd3+ 0-1

[Event "62nd ch-IND 2025"]
[Site "Guntur IND"]
[Date "2025.09.25"]
[Round "5.21"]
[White "Manish Anto, Cristiano F"]
[Black "Gadhavi Veerbhadrasinh"]
[Result "1-0"]
[WhiteTitle "IM"]
[BlackTitle "CM"]
[WhiteElo "2368"]
[BlackElo "2077"]
[WhiteFideId "25095927"]
[BlackFideId "25793136"]
[EventDate "2025.09.21"]

1. c4 Nf6 2. Nc3 e6 3. e4 Nc6 4. Nf3 e5 5. Be2 Bc5 6. Nxe5 Nxe5 7. d4 Bb4 8.
dxe5 Nxe4 9. Qd3 Bxc3+ 10. bxc3 Nc5 11. Qg3 Kf8 12. O-O b6 13. Bf3 Ba6 14. Bg5
Qe8 15. Bxa8 Qxa8 16. Rfd1 Qc6 17. Be3 Ne6 18. c5 h5 19. cxb6 axb6 20. h4 Ke8
21. Bg5 Nxg5 22. Qxg5 Rh6 23. e6 Rxe6 24. Qxg7 Kd8 25. Qf8+ Re8 26. Qxf7 Bb7 27.
f3 Qc5+ 28. Kh1 Bc6 29. Qf6+ Kc8 30. Re1 Rg8 31. Re2 Rg3 32. Qe5 Qc4 33. Qxg3
Qxe2 34. f4 Qb2 35. Rf1 Qxa2 36. f5 Qe2 37. Rf2 Qe7 38. f6 Qf7 39. Qg7 Bd5 40.
Re2 Kd8 41. Re5 c6 42. Rxd5 Qxd5 43. f7 Qd1+ 44. Kh2 Qd6+ 45. g3 Qd2+ 46. Kh3
Qd1 47. f8=Q+ Kc7 48. Qe5+ 1-0

[Event "62nd ch-IND 2025"]
[Site "Guntur IND"]
[Date "2025.09.25"]
[Round "5.22"]
[White "Srijon Saha"]
[Black "Nayak, Rajesh"]
[Result "1/2-1/2"]
[BlackTitle "FM"]
[WhiteElo "2076"]
[BlackElo "2352"]
[WhiteFideId "33442215"]
[BlackFideId "35017152"]
[EventDate "2025.09.21"]

1. d4 Nf6 2. c4 e6 3. g3 d5 4. Bg2 Nbd7 5. Nf3 dxc4 6. Nbd2 Bb4 7. a3 Be7 8.
Nxc4 O-O 9. O-O c5 10. Qc2 Nb6 11. dxc5 Bxc5 12. Rd1 Qc7 13. b3 Nxc4 14. Qxc4 b5
15. Qh4 Qb6 16. e3 Bb7 17. Bb2 Be7 18. Qd4 Qa6 19. Qe5 Rac8 20. b4 Bc6 21. Nh4
Bxg2 22. Nxg2 Qb7 23. Rac1 Qf3 24. Qf4 Qe2 25. Bd4 a6 26. Re1 Qa2 27. Ra1 Qc2
28. Qf3 Rc6 29. Nf4 Rfc8 30. Red1 Qf5 31. Bxf6 1/2-1/2

[Event "62nd ch-IND 2025"]
[Site "Guntur IND"]
[Date "2025.09.25"]
[Round "5.23"]
[White "Pranay Akula"]
[Black "Swarna Nihal"]
[Result "1-0"]
[BlackTitle "FM"]
[WhiteElo "2075"]
[BlackElo "2305"]
[WhiteFideId "25131001"]
[BlackFideId "25683640"]
[EventDate "2025.09.21"]

1. e4 c5 2. Nf3 e6 3. d4 cxd4 4. Nxd4 a6 5. a3 b5 6. c4 Bb7 7. Nc3 b4 8. axb4
Bxb4 9. Bd3 Nf6 10. Qe2 d5 11. cxd5 O-O 12. O-O Bxc3 13. bxc3 exd5 14. e5 Ne4
15. Bxe4 dxe4 16. Qg4 Qd7 17. Nf5 g6 18. Nh6+ Kg7 19. Qh4 Qc6 20. Ng4 Nd7 21.
Bh6+ Kh8 22. Bxf8 Rxf8 23. Rfd1 e3 24. Nxe3 Nxe5 25. Qe7 Re8 26. Rd8 Rxd8 27.
Qxd8+ Kg7 28. Qd4 f6 29. Rd1 h5 30. Qd6 Qe4 31. Qe7+ Kh6 32. Qxf6 Nc4 33. h4
Nxe3 34. Qh8# 1-0

[Event "62nd ch-IND 2025"]
[Site "Guntur IND"]
[Date "2025.09.25"]
[Round "5.24"]
[White "Utsab, Chatterjee"]
[Black "Shreyash Singh"]
[Result "1/2-1/2"]
[WhiteTitle "IM"]
[WhiteElo "2299"]
[BlackElo "2065"]
[WhiteFideId "46609148"]
[BlackFideId "33426058"]
[EventDate "2025.09.21"]

1. e4 c5 2. Nf3 Nc6 3. d4 cxd4 4. Nxd4 e6 5. Nc3 Qc7 6. Ncb5 Qb8 7. Bd3 a6 8.
Nxc6 bxc6 9. Nd4 Nf6 10. O-O e5 11. Nf3 Be7 12. c4 O-O 13. Qe2 d6 14. h3 h6 15.
Rb1 a5 16. b3 Be6 17. Bd2 Nd7 18. a3 Qc7 19. Kh1 Rfb8 20. Rfc1 Rb7 21. Ne1 Bg5
22. Nc2 Bxd2 23. Qxd2 c5 24. Ne3 Nb8 25. Nd5 Qd8 26. b4 axb4 27. axb4 cxb4 28.
Nxb4 Na6 29. Nd5 Rxb1 30. Rxb1 Bxd5 31. cxd5 1/2-1/2

[Event "62nd ch-IND 2025"]
[Site "Guntur IND"]
[Date "2025.09.25"]
[Round "5.25"]
[White "Mahindrakar, Indrajeet"]
[Black "Alekhya, Mukhopadhyay"]
[Result "1-0"]
[WhiteElo "2074"]
[BlackElo "2264"]
[WhiteFideId "35023721"]
[BlackFideId "25600826"]
[EventDate "2025.09.21"]

1. e4 c5 2. Nf3 e6 3. d3 Nc6 4. g3 d6 5. Bg2 Nf6 6. O-O Be7 7. c3 O-O 8. Re1 Bd7
9. a3 a5 10. a4 Qc7 11. Na3 Ne5 12. c4 Nxf3+ 13. Bxf3 Bc6 14. Nb5 Qd7 15. d4 d5
16. cxd5 exd5 17. e5 Ne4 18. Bg4 Qd8 19. f3 Ng5 20. Bxg5 Bxg5 21. dxc5 Bxb5 22.
axb5 d4 23. Qd3 Be3+ 24. Rxe3 dxe3 25. Qxe3 Qe8 26. Qe2 Qe7 27. Rc1 f5 28. Bh3
f4 29. Kg2 Rae8 30. c6 bxc6 31. bxc6 Qc7 32. Bd7 Rxe5 33. Qc4+ Kh8 34. Rc2 fxg3
35. hxg3 Rg5 36. Qh4 h6 37. Re2 Qd6 38. Rf2 Qd1 39. Qc4 Re5 40. Qc2 Qd6 41. Rd2
Rc5 42. Qd1 Qf6 43. f4 g5 44. f5 Rb8 45. b3 Rf8 46. Rd6 Qb2+ 47. Kh3 Rf6 48. Be6
Rf8 49. Rd8 g4+ 50. Kxg4 Qg7+ 51. Kh3 Rxc6 52. Rxf8+ Qxf8 53. Qd4+ Qg7 54. f6
Qf8 55. f7+ 1-0

[Event "62nd ch-IND 2025"]
[Site "Guntur IND"]
[Date "2025.09.25"]
[Round "5.26"]
[White "Harshit, Ranjan Sahu"]
[Black "Joel Paul Ganta"]
[Result "1/2-1/2"]
[WhiteTitle "CM"]
[BlackTitle "CM"]
[WhiteElo "2258"]
[BlackElo "2050"]
[WhiteFideId "25638815"]
[BlackFideId "35066145"]
[EventDate "2025.09.21"]

1. e4 c5 2. Nf3 d6 3. d4 cxd4 4. Nxd4 Nf6 5. Nc3 Nc6 6. Bg5 e6 7. Qd2 Be7 8. f3
a6 9. O-O-O Nxd4 10. Qxd4 b5 11. Kb1 Bb7 12. g4 O-O 13. h4 Qc7 14. Qd2 Rfc8 15.
Bd3 d5 16. e5 d4 17. exf6 dxc3 18. Bxh7+ Kxh7 19. Qd3+ Kg8 20. fxe7 Bd5 21. b3
Qc5 22. h5 Bxb3 23. axb3 Qxg5 24. h6 g6 25. h7+ Kh8 26. e8=Q+ Rxe8 27. Qxc3+ e5
28. Rd7 Rac8 29. Qd3 Rcd8 30. Qd5 Rxd7 31. Qxd7 Qe7 32. Qxe7 Rxe7 33. Kb2 e4 34.
fxe4 Rxe4 35. Rf1 Kxh7 36. Rxf7+ Kh6 37. Rf6 a5 38. Rb6 b4 39. Rb5 Rxg4 40. Rxa5
g5 41. Rb5 Re4 42. c4 g4 43. Rxb4 g3 44. Ra4 Re1 45. Ra6+ Kg7 46. Ra7+ 1/2-1/2

[Event "62nd ch-IND 2025"]
[Site "Guntur IND"]
[Date "2025.09.25"]
[Round "5.27"]
[White "Nandish V S"]
[Black "Ayushh, Ravikumar"]
[Result "1/2-1/2"]
[WhiteTitle "CM"]
[BlackTitle "FM"]
[WhiteElo "2252"]
[BlackElo "2038"]
[WhiteFideId "45084297"]
[BlackFideId "35039482"]
[EventDate "2025.09.21"]

1. c4 c6 2. Nf3 d5 3. g3 Nf6 4. Bg2 g6 5. O-O Bg7 6. b3 O-O 7. Bb2 b6 8. d4 Bb7
9. Qc2 Nbd7 10. Nc3 Qc7 11. Rad1 Rfe8 12. Bc1 Rad8 13. Bf4 Qc8 14. cxd5 cxd5 15.
Bh3 e6 16. Qb2 Ba6 17. Rc1 Qb7 18. Bg2 Rc8 19. Nd2 Nh5 20. Be3 Kh8 21. g4 Nhf6
22. h3 Bf8 23. b4 b5 24. Bf4 Nb6 25. a3 Nc4 26. Nxc4 Rxc4 27. e4 Nxe4 28. Nxe4
dxe4 29. Be5+ Kg8 30. Rce1 f5 31. f3 e3 32. Rxe3 Qd7 33. gxf5 exf5 34. f4 Bb7
35. d5 a5 36. Kh2 axb4 37. axb4 Rxb4 38. Qd2 Rc4 39. Rg3 Rec8 40. Rf2 Bg7 41. d6
Bxg2 42. Rfxg2 Qe6 43. Bxg7 Kxg7 44. Rd3 Rd8 45. d7 Rc7 46. Rd6 Qf7 47. Qd4+ Kh6
48. Rd2 b4 49. h4 b3 50. h5 Rc2 51. hxg6 hxg6 52. Kg3 Rxd2 53. Qxd2 Qe7 54. Qh2+
Kg7 55. Qb2+ Kh7 56. Qh2+ Kg7 57. Qb2+ Kh7 58. Qh2+ 1/2-1/2

[Event "62nd ch-IND 2025"]
[Site "Guntur IND"]
[Date "2025.09.25"]
[Round "5.28"]
[White "Adhiraj Mitra"]
[Black "Yohan Yadav Tarala"]
[Result "1/2-1/2"]
[BlackTitle "CM"]
[WhiteElo "2064"]
[BlackElo "2246"]
[WhiteFideId "25128531"]
[BlackFideId "33385300"]
[EventDate "2025.09.21"]

1. e4 e6 2. d4 d5 3. Nd2 c5 4. exd5 exd5 5. Ngf3 Nf6 6. Bb5+ Bd7 7. Bxd7+ Nbxd7
8. O-O Be7 9. dxc5 Nxc5 10. Nd4 O-O 11. Nf5 Re8 12. Qf3 Bf8 13. Nb3 Nce4 14. Be3
Qd7 15. Rad1 Rac8 16. c3 b6 17. Bd4 Ng5 18. Qd3 Nfe4 19. Ng3 Qa4 20. Nc1 Qc4 21.
Be3 Nxg3 22. hxg3 Ne4 23. Qxd5 Qxd5 24. Rxd5 Nxg3 25. Rfd1 g6 26. Rd7 Nf5 27.
Bf4 Re7 28. g4 Rc4 29. gxf5 Rxf4 30. fxg6 fxg6 31. Rxe7 Bxe7 32. Rd7 Bh4 33. Nd3
Rf7 34. Rd4 Bf6 35. Rd6 Kg7 36. c4 Be7 37. Rd5 Bf6 38. b3 Rc7 39. Nf4 Kf7 40.
Rd3 Bg7 41. Nd5 Rd7 42. a4 Ke8 43. Kg2 Kd8 44. f4 Kc8 45. Re3 Kb7 46. Re6 Bd4
47. b4 a5 48. b5 Bc5 49. Kf3 Rf7 50. Kg4 Rf5 51. Rc6 Rh5 52. Nf6 Rh1 53. Ne4
Rg1+ 54. Kf3 Rf1+ 55. Kg4 Rg1+ 1/2-1/2

[Event "62nd ch-IND 2025"]
[Site "Guntur IND"]
[Date "2025.09.25"]
[Round "5.29"]
[White "Sharnarthi Shlok"]
[Black "Jaiveer, Mahendru"]
[Result "1-0"]
[BlackTitle "FM"]
[WhiteElo "2046"]
[BlackElo "2242"]
[WhiteFideId "25977776"]
[BlackFideId "25611151"]
[EventDate "2025.09.21"]

1. e4 c5 2. Nf3 d6 3. c3 Nf6 4. h3 Nc6 5. d4 e5 6. d5 Ne7 7. Be3 g6 8. Nbd2 Bg7
9. Be2 O-O 10. Qc2 Nh5 11. g4 Nf4 12. Bxf4 exf4 13. O-O-O Rb8 14. e5 dxe5 15.
Ne4 f5 16. gxf5 Bxf5 17. d6 Nc6 18. Bc4+ Kh8 19. Nfg5 Qe8 20. f3 b5 21. Bd5 b4
22. Qa4 Rb6 23. d7 Qxd7 24. Be6 Qc7 25. Nd6 Nd8 26. Nxf5 gxf5 27. Rd7 Qb8 28.
Rxg7 Kxg7 29. Qd7+ Nf7 30. Bxf7 Qb7 31. Ne6+ Kh6 32. Nxf8 Qxf3 33. Bd5 Qe3+ 34.
Kb1 bxc3 35. Qxh7+ Kg5 36. h4+ Kg4 37. Qg7+ 1-0

[Event "62nd ch-IND 2025"]
[Site "Guntur IND"]
[Date "2025.09.25"]
[Round "5.30"]
[White "Mahitosh, Dey"]
[Black "Ramakrishna, J."]
[Result "1-0"]
[WhiteTitle "FM"]
[BlackTitle "FM"]
[WhiteElo "2233"]
[BlackElo "2028"]
[WhiteFideId "25091468"]
[BlackFideId "5008174"]
[EventDate "2025.09.21"]

1. c4 c6 2. Nf3 Nf6 3. Nc3 d5 4. e3 g6 5. b3 Bg7 6. Bb2 O-O 7. d4 c5 8. Be2 cxd4
9. exd4 Nc6 10. h3 b6 11. O-O Bb7 12. Re1 Rc8 13. Ba3 Re8 14. Rc1 e6 15. c5 Ne4
16. Na4 e5 17. cxb6 exd4 18. bxa7 Nc3 19. Qd2 Nxa7 20. Bc5 Qa5 21. Bb6 Nxe2+ 22.
Qxe2 Rxe2 23. Rxc8+ Bxc8 24. Bxa5 d3 25. Nc5 Nc6 26. Nxd3 Rxe1+ 27. Bxe1 Bf5 28.
Nf4 Bb1 29. a3 d4 30. b4 d3 31. b5 Nd4 32. b6 Nxf3+ 33. gxf3 Be5 34. Bd2 Bc2 35.
b7 Kf8 36. Ng2 Ke7 37. Bf4 d2 38. Bxe5 d1=Q+ 39. Kh2 Qxf3 40. b8=Q Be4 41. Bd6+
Ke6 42. Nf4+ Kf6 43. Qd8+ Kf5 44. Qa5+ Bd5 45. Qxd5+ 1-0

[Event "62nd ch-IND 2025"]
[Site "Guntur IND"]
[Date "2025.09.25"]
[Round "5.31"]
[White "Karan J P"]
[Black "Bhoir Paras Dilip"]
[Result "0-1"]
[WhiteElo "2035"]
[BlackElo "2219"]
[WhiteFideId "25033603"]
[BlackFideId "25763695"]
[EventDate "2025.09.21"]

1. e4 c5 2. Nf3 Nc6 3. d4 cxd4 4. Nxd4 Nf6 5. Nc3 e5 6. Ndb5 d6 7. Bg5 a6 8. Na3
b5 9. Nab1 Be7 10. Bxf6 Bxf6 11. a4 b4 12. Nd5 O-O 13. Bc4 Be6 14. O-O g6 15. c3
bxc3 16. Nbxc3 Bg7 17. Qd3 a5 18. Rfd1 Rc8 19. Nb5 Kh8 20. Rac1 Nd4 21. Nxd4
exd4 22. Nf4 Bxc4 23. Rxc4 Qb6 24. b3 Rxc4 25. Qxc4 Rb8 26. Rb1 Qc5 27. Qe2 Re8
28. Nd3 Qc6 29. Qd2 Qc3 30. Qe2 f5 31. f3 Bh6 32. b4 axb4 33. Rxb4 Be3+ 34. Kh1
fxe4 35. fxe4 Qa1+ 36. Qe1 Qxe1+ 37. Nxe1 Rf8 38. Nf3 d3 39. Rb1 Rc8 40. a5 d2
41. Nxd2 Bxd2 42. a6 Be3 0-1

[Event "62nd ch-IND 2025"]
[Site "Guntur IND"]
[Date "2025.09.25"]
[Round "5.32"]
[White "Esshan Wadhawan"]
[Black "Abhinav Raj"]
[Result "1-0"]
[WhiteElo "2207"]
[BlackElo "2015"]
[WhiteFideId "45062056"]
[BlackFideId "25633139"]
[EventDate "2025.09.21"]

1. e4 c5 2. Nf3 g6 3. d4 cxd4 4. Nxd4 Nc6 5. c4 Bg7 6. Be3 Nf6 7. Nc3 O-O 8. Be2
d6 9. f3 Nxd4 10. Bxd4 Be6 11. O-O Qa5 12. f4 Rac8 13. b3 a6 14. f5 Bd7 15. Kh1
Bc6 16. Nd5 Bxd5 17. exd5 Nd7 18. Bg4 Rcd8 19. fxg6 hxg6 20. Bxd7 Rxd7 21. Rf3
e5 22. dxe6 fxe6 23. Rxf8+ Kxf8 24. c5 Qb4 25. Bxg7+ Kxg7 26. cxd6 Qxd6 27. Qe2
Qd4 28. Re1 e5 29. h3 Re7 30. Rd1 Qf4 31. Rf1 Qg5 32. Qf3 e4 33. Qf8+ Kh7 34.
Rf4 Rd7 35. Rxe4 Qc1+ 36. Kh2 Qc7+ 37. Qf4 Qxf4+ 38. Rxf4 Rd2 39. a4 b5 40. axb5
axb5 41. Rf7+ Kh6 42. Rb7 Rd5 43. b4 Kg5 44. Kg3 Kf5 45. Kf3 g5 46. Rb6 Rd3+ 47.
Ke2 Rb3 48. Rxb5+ Kf4 49. Kf1 Rb1+ 50. Kf2 Rb2+ 51. Kg1 g4 52. hxg4 Kg3 53. Kf1
Kxg4 54. Rb8 Kf4 55. b5 Ke3 56. Kg1 Kd4 57. b6 Kc5 58. Kh2 Rb3 59. g3 Kd5 1-0

[Event "62nd ch-IND 2025"]
[Site "Guntur IND"]
[Date "2025.09.25"]
[Round "5.33"]
[White "Pattnayak, Nilsu"]
[Black "Challa Saharsha"]
[Result "1/2-1/2"]
[WhiteElo "2202"]
[BlackElo "2014"]
[WhiteFideId "35043943"]
[BlackFideId "25168525"]
[EventDate "2025.09.21"]

1. e4 c6 2. d4 d5 3. exd5 cxd5 4. Bd3 Nc6 5. c3 e6 6. Bf4 Bd6 7. Bxd6 Qxd6 8.
Nf3 Nge7 9. O-O O-O 10. Nbd2 Bd7 11. Qe2 f6 12. Rfe1 Rfe8 13. Rad1 Rad8 14. Bc2
Qc7 15. Nf1 Nc8 16. Qd3 g6 17. h4 Re7 18. h5 Be8 19. hxg6 Bxg6 20. Qd2 Rde8 21.
Bxg6 hxg6 22. Ne3 Kg7 23. g3 Nd6 24. Kg2 Ne4 25. Qc1 Rh8 26. Rh1 Ree8 27. Ng4
Qc8 28. Rxh8 Rxh8 29. Rh1 Rxh1 30. Qxh1 Qh8 31. Qc1 Qh5 32. Qf4 g5 33. Qc7+ Qf7
34. Qxf7+ Kxf7 35. Ne1 Nd6 36. Nd3 1/2-1/2

[Event "62nd ch-IND 2025"]
[Site "Guntur IND"]
[Date "2025.09.25"]
[Round "5.34"]
[White "Devesh, Anand Naik"]
[Black "Arnav, Agrawal"]
[Result "1-0"]
[WhiteElo "2016"]
[BlackElo "2191"]
[WhiteFideId "45005702"]
[BlackFideId "48779857"]
[EventDate "2025.09.21"]

1. e4 c5 2. Nf3 d6 3. d4 cxd4 4. Nxd4 Nf6 5. Nc3 a6 6. h3 e5 7. Nf3 Be7 8. g4 b5
9. g5 Nfd7 10. a4 b4 11. Nd5 Bb7 12. Be3 Qa5 13. Bc4 Nc5 14. Nd2 Nbd7 15. Qh5 g6
16. Qf3 Rf8 17. Nb3 Nxb3 18. cxb3 Rc8 19. O-O f5 20. exf5 Bxd5 21. Bxd5 Rxf5 22.
Qg2 Nc5 23. Rac1 Kd7 24. Bf3 Nxb3 25. Rxc8 Kxc8 26. Bb7+ Kb8 27. Qc6 Nc5 28.
Qc8+ Ka7 29. Bc6 Rxg5+ 30. Kh1 1-0

[Event "62nd ch-IND 2025"]
[Site "Guntur IND"]
[Date "2025.09.25"]
[Round "5.35"]
[White "Navalgund, Niranjan"]
[Black "Vivaan Sardana"]
[Result "1-0"]
[WhiteTitle "FM"]
[WhiteElo "2185"]
[BlackElo "2008"]
[WhiteFideId "5030854"]
[BlackFideId "33397694"]
[EventDate "2025.09.21"]

1. d4 d5 2. Nf3 Nf6 3. c4 e6 4. Nc3 c6 5. g3 dxc4 6. Bg2 b5 7. O-O Bb7 8. e4
Nbd7 9. e5 Nd5 10. Ng5 Be7 11. Qh5 Bxg5 12. Bxg5 Qb6 13. Ne4 O-O 14. Rad1 f5 15.
exf6 N7xf6 16. Qh4 Rae8 17. Rfe1 Bc8 18. Nd6 Rd8 19. Nxc8 Rxc8 20. Bh3 Nc7 21.
Rxe6 Rce8 22. Rxf6 gxf6 23. Bxf6 Rf7 24. Bd7 Nd5 25. Qg4+ Kf8 26. Bg5 Re2 27.
Qxe2 Rxd7 28. Qe6 Rg7 29. Bh6 Qd8 30. Re1 b4 31. Re5 c3 32. Rf5+ Nf6 33. Rxf6+
Qxf6 34. Qxf6+ Ke8 35. Bxg7 c2 36. Qxc6+ Kf7 37. Be5 a5 38. Qxc2 a4 39. Qc7+ Ke6
40. Qd6+ Kf5 41. f3 Kg5 42. Qf6+ Kh5 43. g4# 1-0

[Event "62nd ch-IND 2025"]
[Site "Guntur IND"]
[Date "2025.09.25"]
[Round "5.36"]
[White "Abhishek, Kelkar"]
[Black "Jagesia Daksh"]
[Result "1/2-1/2"]
[WhiteTitle "IM"]
[WhiteElo "2172"]
[BlackElo "1975"]
[WhiteFideId "5019257"]
[BlackFideId "25670956"]
[EventDate "2025.09.21"]

1. d4 d5 2. Nf3 e6 3. c4 Nf6 4. Nc3 Nbd7 5. cxd5 exd5 6. Bf4 c6 7. e3 Be7 8. h3
Nf8 9. Qc2 Ng6 10. Bh2 O-O 11. Bd3 Re8 12. O-O Bd6 13. Bxd6 Qxd6 14. Rab1 b6 15.
Rfc1 Bb7 16. b4 Re7 17. a4 Rae8 18. Ne2 Ne4 19. Bxe4 dxe4 20. Nd2 Qd5 21. Ng3 h5
22. b5 Re6 23. Rb2 Nh4 24. Qb3 Qg5 25. Rbc2 Nxg2 26. Kxg2 h4 27. Nf1 Rg6 28. Qb4
Qf5 29. Kh2 Qf3 30. Qd2 hxg3+ 31. Nxg3 Rh6 32. Qe2 cxb5 33. Qxf3 exf3 34. axb5
g6 35. Rc7 Bd5 36. Rc8 Kf8 37. Rxe8+ Kxe8 38. Ra1 Be6 1/2-1/2

[Event "62nd ch-IND 2025"]
[Site "Guntur IND"]
[Date "2025.09.25"]
[Round "5.37"]
[White "Andalamala Hemal Varshan"]
[Black "Surendran, N"]
[Result "1/2-1/2"]
[WhiteElo "1998"]
[BlackElo "2158"]
[WhiteFideId "33315957"]
[BlackFideId "5021243"]
[EventDate "2025.09.21"]

1. e4 c5 2. Nf3 a6 3. c3 Nf6 4. e5 Nd5 5. d4 cxd4 6. cxd4 d6 7. Nc3 dxe5 8. Nxe5
e6 9. Qa4+ Nd7 10. Nxd5 exd5 11. Nf3 Bd6 12. Bd3 O-O 13. O-O h6 14. Bd2 Nf6 15.
Rfe1 Be6 16. Bb4 Re8 17. Bxd6 Qxd6 18. Qb3 Ne4 19. Rac1 Rab8 20. Ne5 f6 21. Ng6
Bf7 22. f3 Bxg6 23. Bxe4 Bxe4 24. fxe4 Rbd8 25. exd5 Qf4 26. Qxb7 Qxd4+ 27. Kh1
Rxe1+ 28. Rxe1 Rxd5 29. Qxa6 Qe4 30. Qc8+ Kh7 31. Qc3 Qf4 32. Qc2+ f5 33. g3 Qb4
34. Re2 Rc5 35. Qd2 Qb7+ 36. Rg2 Qc6 37. h3 Qa6 38. Qf2 Rc1+ 39. Kh2 Qd3 40. g4
Qd6+ 41. Qg3 f4 42. Qf3 Re1 43. Rf2 g5 44. Rc2 Re3 45. Qb7+ Re7 46. Qf3 Re3 1/2-1/2

[Event "62nd ch-IND 2025"]
[Site "Guntur IND"]
[Date "2025.09.25"]
[Round "5.38"]
[White "Meetansh Dixit"]
[Black "Haridev S"]
[Result "0-1"]
[WhiteElo "1926"]
[BlackElo "2147"]
[WhiteFideId "25941453"]
[BlackFideId "25957180"]
[EventDate "2025.09.21"]

1. e4 c5 2. Nf3 d6 3. d4 cxd4 4. Nxd4 Nf6 5. Nc3 a6 6. Bg5 e6 7. f4 h6 8. Bh4
Be7 9. Qf3 Nbd7 10. O-O-O Qc7 11. Bd3 g5 12. fxg5 Ne5 13. Qe2 Nfg4 14. Nf3 hxg5
15. Bg3 Bd7 16. h3 Nxf3 17. Qxf3 Ne5 18. Bxe5 dxe5 19. Rhf1 Rh7 20. Kb1 O-O-O
21. Qe3 Qc5 22. Qxc5+ Bxc5 23. Rf3 Bc6 24. Rdf1 Rf8 25. Rg3 Rg7 26. Nd1 Kd7 27.
Ne3 Bxe3 28. Rxe3 g4 29. Rg3 Ke7 30. hxg4 Rh8 31. Rh3 Rhg8 32. Rhf3 Rf8 33. Rg3
f5 34. exf5 e4 35. Be2 exf5 36. Rc3 f4 37. Kc1 Kd6 38. Rd1+ Kc7 39. Rf1 Rh7 40.
b4 Rh2 41. Rf2 f3 42. Bxf3 exf3 43. Rfxf3 Rxf3 44. gxf3 Rh3 45. Kd2 Rxf3 46.
Rxf3 Bxf3 47. g5 Bd5 48. a3 Kb6 49. a4 a5 50. Kc3 Be4 51. bxa5+ Kxa5 52. Kb3 Bg6
53. c4 Bf7 0-1